000 00585nam a2200169Ia 4500
008 090711s9999 xx 000 0 und d
082 _b25412
100 _aकलगुटकर हिराकांत
245 _aबाळा गाते तुज अंगाई
260 _c1971
300 _a8
600 _aकलगुटकर हिराकांत
630 _aबाळा गाते तुज अंगाई
700 _aकलगुटकर हिराकांत
730 _aबाळा गाते तुज अंगाई
942 _cBOOK
999 _c305653
_d305653